Europe elects its parliament
Salvato in:
| Natura: | Libro |
|---|---|
| Lingua: | inglese |
| Pubblicazione: |
London
Policy Studies Institute
1980
|
| Serie: | Studies in European politics
5 |
| Tags: |
Nessun Tag, puoi essere il primo ad aggiungerne!!
|
MARC
| LEADER | 00000nam a2200000 4500 | ||
|---|---|---|---|
| 001 | c142244 | ||
| 005 | 20181203150525.0 | ||
| 041 | 0 | |a eng | |
| 044 | |a GB | ||
| 245 | 1 | 0 | |a Europe elects its parliament |
| 264 | 1 | |a London |b Policy Studies Institute |c 1980 | |
| 300 | |a 69 s. | ||
| 490 | 1 | |a Studies in European politics |v 5 | |
| 830 | 0 | |a Studies in European politics |v 5 | |